000 00747nam a2200253Ia 4500
003 OSt
005 20221006160940.0
006 a|||||r|||| 00| 0
007 ta
008 221006b |||||||| |||| 00| 0 eng d
020 _a9781138489424
024 _a46,918
037 _cTextual
040 _aEASL
_cEASL
_beng
041 _2eng
_aeng
082 _aV41:1(U287).P3, Q9
100 _aMORI Akihisa Ed.
_9675528
245 0 _aChina's climate- energy policy
_b Domestic and international impacts.
260 _aLondon
_bRoutledge Taylor & Francis Group
_c2019
300 _a231p.
_ccm.
490 _aRoutlege Contemporary China
942 _hV41:1(U287).P3, Q9
_cTEXL
_2CC
999 _c1115007
_d1115007